Score 0/22 Timer 03:00
1 Play Today
First Clue 4-Letter Word % Correct
Catch a lot of sunBAKE
93.4%
Trout localeLAKE
90.9%
★Word repeated in the title of an Amy Grant song★★BABY★
90.5%
Like a rangerLONE
89.8%
Ruth not in the BibleBABE
87.3%
Place of many strikesLANE
87%
★Surface's 'The First _____'★★TIME★
86.6%
Blind trioMICE
86.4%
Play charadesMIME
83.6%
★Wilson Phillips's 'You're In _____'★★LOVE★
83.3%
Cause of some head-scratchingLICE
81.5%
First Clue 4-Letter Word % Correct
As we speakLIVE
79.4%
ExhaustTIRE
76.1%
Hightailed itTORE
74.9%
★Timmy T's 'One _____ Try'★★MORE★
71.9%
Left on a shipPORT
65%
Place to tradePOST
59%
Bazooka Joe's palMORT
57.9%
Example of model behaviorPOSE
54%
2011 NBA MVPROSE
52.2%
Clever schemeRUSE
47.5%
★Word repeated in the title of a Paula Abdul song★★RUSH★
42.9%

Today's Daily Dose

Remove Ads.
Support Sporcle.
Get the best of Sporcle when you Go Orange. This ad-free experience offers more features, more stats, and more fun while also helping to support Sporcle. Thank you for becoming a member.

You're not logged in!

Compare scores with friends on all Sporcle quizzes.
OR
Log In

Show Comments

Extras

Top Quizzes Today


Score Distribution

Your Account Isn't Verified!

In order to create a playlist on Sporcle, you need to verify the email address you used during registration. Go to your Sporcle Settings to finish the process.

Report this User

Report this user for behavior that violates our Community Guidelines.

Details: